<?xml version="1.0" encoding="UTF-8"?>
<marc:record xmlns:marc="http://www.loc.gov/MARC21/slim">
   <marc:leader>00000nam a2200000 a 4500</marc:leader>
   <marc:datafield ind1="1" ind2=" " tag="100">
      <marc:subfield code="a">Swift, Graham</marc:subfield>
      <marc:subfield code="4">aut</marc:subfield>
      <marc:subfield code="e">Verfasser/-in</marc:subfield>
   </marc:datafield>
   <marc:datafield ind1="1" ind2=" " tag="100">
      <marc:subfield code="a">Kaiser, Erika</marc:subfield>
      <marc:subfield code="4">trl</marc:subfield>
      <marc:subfield code="e">Übersetzer/-in</marc:subfield>
   </marc:datafield>
   <marc:datafield ind1="1" ind2=" " tag="100">
      <marc:subfield code="a">Swift, Graham</marc:subfield>
   </marc:datafield>
   <marc:datafield ind1="0" ind2="0" tag="245">
      <marc:subfield code="a">Wasserland</marc:subfield>
   </marc:datafield>
   <marc:datafield ind1="0" ind2="0" tag="245">
      <marc:subfield code="b">Roman</marc:subfield>
   </marc:datafield>
   <marc:datafield ind1="0" ind2="0" tag="245">
      <marc:subfield code="c">Graham Swift. Aus dem Engl. von Erika Kaiser und mit einer Einf. des Autors zur Neuausg.</marc:subfield>
   </marc:datafield>
   <marc:datafield ind1=" " ind2="1" tag="264">
      <marc:subfield code="a">München</marc:subfield>
      <marc:subfield code="b">Dt. Taschenbuch-Verl.</marc:subfield>
      <marc:subfield code="c">2011</marc:subfield>
   </marc:datafield>
   <marc:datafield ind1="1" ind2=" " tag="490">
      <marc:subfield code="a">dtv</marc:subfield>
      <marc:subfield code="v">14053</marc:subfield>
   </marc:datafield>
   <marc:datafield ind1=" " ind2=" " tag="250">
      <marc:subfield code="a">Neuausg.</marc:subfield>
   </marc:datafield>
   <marc:datafield ind1="1" ind2=" " tag="520">
      <marc:subfield code="a">Angaben aus der Verlagsmeldung

Wasserland : Roman Swift,Wasserland Waterland / von Graham Swift

Es ist ein strahlender Tag, als Henry Crick,
Schleusenw&amp;auml;rter an einem Fluss in East Anglia,
die Leiche eines 16-j&amp;auml;hrigen Jungen findet.
Freddie Parr fiel einem tragischen Unfall zum
Opfer, ergeben die Ermittlungen. Tats&amp;auml;chlich
h&amp;auml;ngt sein Tod aber mit Vorg&amp;auml;ngen um Cricks
Sohn Tom und dessen schwangere Freundin
zusammen, beide schuldig und unschuldig
zugleich ... Fast vierzig Jahre sp&amp;auml;ter wird Tom
Crick, Lehrer f&amp;uuml;r Geschichte, seine &amp;uuml;berraschten
Sch&amp;uuml;ler auffordern, B&amp;uuml;cher und Hefte beiseitezulegen.
Er will ihnen erz&amp;auml;hlen: von den Marschen,
den Cricks und den Atkinsons, einfache
Arbeiter die einen, Vertreter der aufstrebenden
Bourgeoisie die anderen. Und von jenem
verh&amp;auml;ngnisvollen Sommertag im Jahre 1943.
</marc:subfield>
   </marc:datafield>
   <marc:datafield ind1=" " ind2=" " tag="020">
      <marc:subfield code="a">9783423140539</marc:subfield>
      <marc:subfield code="9">9783423140539</marc:subfield>
   </marc:datafield>
   <marc:datafield ind1=" " ind2=" " tag="041">
      <marc:subfield code="a">ger</marc:subfield>
   </marc:datafield>
   <marc:datafield ind1=" " ind2=" " tag="300">
      <marc:subfield code="a">491 S.</marc:subfield>
   </marc:datafield>
</marc:record>
